| 000 | 00482nam a2200181Ia 4500 | ||
|---|---|---|---|
| 008 | 151202s9999||||xx |||||||||||||| ||und|| | ||
| 082 | _bPNVM-1038 | ||
| 100 | _aSOBEL (B.) ED. | ||
| 245 | _aTHE THEATRE HAND BOOK & DIGESET OF PLAYS. | ||
| 260 | _b--- | ||
| 260 | _c0 | ||
| 300 | _a0 | ||
| 600 | _aSOBEL (B.) ED. | ||
| 630 | _aTHE THEATRE HAND BOOK & DIGESET OF PLAYS. | ||
| 700 | _aSOBEL (B.) ED. | ||
| 730 | _aTHE THEATRE HAND BOOK & DIGESET OF PLAYS. | ||
| 942 | _cBOOK | ||
| 999 |
_c1267036 _d1267033 |
||